The responsibility of the philosopher (Record no. 119990)
[ view plain ]
| 000 -LEADER | |
|---|---|
| fixed length control field | 01580cam a2200397Ia 4500 |
| 001 - CONTROL NUMBER | |
| control field | 9063900 |
| 003 - CONTROL NUMBER IDENTIFIER | |
| control field | ARRUPE |
| 005 - DATE AND TIME OF LATEST TRANSACTION | |
| control field | 20140206165606.0 |
| 006 - FIXED-LENGTH DATA ELEMENTS--ADDITIONAL MATERIAL CHARACTERISTICS--GENERAL INFORMATION | |
| fixed length control field | m u |
| 007 - PHYSICAL DESCRIPTION FIXED FIELD--GENERAL INFORMATION | |
| fixed length control field | cr cn||||||||| |
| 008 - FIXED-LENGTH DATA ELEMENTS--GENERAL INFORMATION | |
| fixed length control field | 100126s2010 nyu sb 001 0 eng d |
| 010 ## - LIBRARY OF CONGRESS CONTROL NUMBER | |
| Canceled/invalid LC control number | 2010003075 |
| 020 ## - INTERNATIONAL STANDARD BOOK NUMBER | |
| Cancelled/invalid ISBN | 9780231152426 (cloth : alk. paper) |
| 020 ## - INTERNATIONAL STANDARD BOOK NUMBER | |
| Cancelled/invalid ISBN | 0231152426 (cloth : alk. paper) |
| 020 ## - INTERNATIONAL STANDARD BOOK NUMBER | |
| Cancelled/invalid ISBN | 9780231527125 (ebook) |
| 020 ## - INTERNATIONAL STANDARD BOOK NUMBER | |
| Cancelled/invalid ISBN | 0231527128 (ebook) |
| 035 ## - SYSTEM CONTROL NUMBER | |
| System control number | (CaPaEBR)ebr10433184 |
| 035 ## - SYSTEM CONTROL NUMBER | |
| System control number | (NNC)9063900 |
| 040 ## - CATALOGING SOURCE | |
| Original cataloging agency | CaPaEBR |
| Transcribing agency | CaPaEBR |
| 050 14 - LIBRARY OF CONGRESS CALL NUMBER | |
| Classification number | B3654.V383 |
| Item number | V6313 2010eb |
| 100 1# - MAIN ENTRY--PERSONAL NAME | |
| Personal name | Vattimo, Gianni, |
| Dates associated with a name | 1936- |
| 9 (RLIN) | 8371 |
| 240 10 - UNIFORM TITLE | |
| Uniform title | <a href="Vocazione e responsabilita del filosofo.">Vocazione e responsabilita del filosofo.</a> |
| Language of a work | English |
| 245 14 - TITLE STATEMENT | |
| Title | The responsibility of the philosopher |
| Medium | [electronic resource] / |
| Statement of responsibility, etc | Gianni Vattimo ; edited with an introduction by Franca D'Agostini ; translated by William McCuaig. |
| 260 ## - PUBLICATION, DISTRIBUTION, ETC. (IMPRINT) | |
| Place of publication, distribution, etc | New York : |
| Name of publisher, distributor, etc | Columbia University Press, |
| Date of publication, distribution, etc | c2010. |
| 300 ## - PHYSICAL DESCRIPTION | |
| Extent | vi, 153 p. |
| 504 ## - BIBLIOGRAPHY, ETC. NOTE | |
| Bibliography, etc | Includes bibliographical references and index. |
| 533 ## - REPRODUCTION NOTE | |
| Type of reproduction | Electronic reproduction. |
| Place of reproduction | Palo Alto, Calif. : |
| Agency responsible for reproduction | ebrary, |
| Date of reproduction | 2011. |
| Note about reproduction | Available via World Wide Web. |
| -- | Access may be limited to ebrary affiliated libraries. |
| 650 #0 - SUBJECT ADDED ENTRY--TOPICAL TERM | |
| Topical term or geographic name as entry element | Philosophy, Modern |
| Chronological subdivision | 20th century. |
| 9 (RLIN) | 8372 |
| 650 #0 - SUBJECT ADDED ENTRY--TOPICAL TERM | |
| Topical term or geographic name as entry element | Philosophy, Italian |
| Chronological subdivision | 20th century. |
| 9 (RLIN) | 8373 |
| 655 #7 - INDEX TERM--GENRE/FORM | |
| Genre/form data or focus term | Electronic books. |
| Source of term | local |
| 9 (RLIN) | 8374 |
| 700 1# - ADDED ENTRY--PERSONAL NAME | |
| Personal name | D'Agostini, Franca, |
| Dates associated with a name | 1952- |
| 9 (RLIN) | 8375 |
| 710 2# - ADDED ENTRY--CORPORATE NAME | |
| Corporate name or jurisdiction name as entry element | ebrary, Inc. |
| 9 (RLIN) | 8376 |
| 856 40 - ELECTRONIC LOCATION AND ACCESS | |
| Uniform Resource Identifier | <a href="http://www.columbia.edu/cgi-bin/cul/resolve?clio9063900">http://www.columbia.edu/cgi-bin/cul/resolve?clio9063900</a> |
| Public note | Click here for full text. |
| 942 ## - ADDED ENTRY ELEMENTS (KOHA) | |
| Source of classification or shelving scheme | Library of Congress Classification |
| Koha item type | Monograph ( Printed materials) |
| Withdrawn status | Lost status | Source of classification or shelving scheme | Damaged status | Not for loan | Collection code | Home library | Current library | Shelving location | Date acquired | Total Checkouts | Full call number | Barcode | Date last seen | Price effective from | Koha item type |
|---|---|---|---|---|---|---|---|---|---|---|---|---|---|---|---|
| Library of Congress Classification | Main Collection | ARRUPE LIBRARY | ARRUPE LIBRARY | Main Collection | 06/02/2014 | B3654.V383 V6313 2010 | 46500000004 | 06/02/2014 | 06/02/2014 | Monograph ( Printed materials) |